WWE Hall of Fame quiz - Statistics

General Stats
  • This quiz has been taken 25 times
  • The average score is 18 of 161
Answer Stats
Hint Answer % Correct
2005 | 2020 Hulk Hogan
79%
2019 Bret Hart
68%
2011 | 2019 Shawn Michaels
68%
1993 Andre The Giant
58%
2019 Triple H
58%
2012 Edge
53%
2018 Goldberg
53%
2009 "Stone Cold" Steve Austin
53%
2019 | 2020 X-Pac
47%
2015 | 2020 Kevin Nash
42%
2013 | 2019 Booker T
37%
2006 Eddie Guerrero
37%
2019 Billy Gunn
32%
2019 Jim Neidhart
32%
2015 Randy Savage
32%
2015 Rikishi
32%
2014 | 2020 Scott Hall
32%
2020 John Bradshaw Layfield
26%
2014 Lita
26%
2013 Trish Stratus
26%
2012 Yokozuna
26%
2017 Beth Phoenix
21%
2020 British Bulldog
21%
2013 Bruno Sammartino
21%
2019 Chyna
21%
2011 Jim Duggan
21%
2019 The Honky Tonk Man
21%
2019 The Road Dogg
21%
2014 Ultimate Warrior
21%
2016 Big Bossman
16%
2013 Bob Backlund
16%
2020 Brie Bella
16%
2018 Dudley Boyz
16%
2014 Jake Roberts
16%
2018 Jeff Jarrett
16%
2017 Kurt Angle
16%
2013 Mick Foley
16%
2020 Nikki Bella
16%
2014 Paul Bearer
16%
2019 Stevie Ray
16%
2016 Sting
16%
2020 Batista
11%
2004 "Big" John Studd
11%
2018 Ivory
11%
2016 Jacqueline
11%
2020 Jushin "Thunder" Liger
11%
2009 Koko B. Ware
11%
2018 Mark Henry
11%
1996 Pat Patterson
11%
2011 Paul Ellering
11%
2017 Rick Rude
11%
2012 Ron Simmons
11%
2004 Sgt. Slaughter
11%
2016 Snoop Dogg
11%
2019 Torrie Wilson
11%
2015 Arnold Schwarzenegger
5%
1994 Bobo Brazil
5%
2019 Brutus Beefcake
5%
2017 Diamond Dallas Page
5%
2004 Don Muraco
5%
2012 Four Horsemen
5%
2018 Hillbilly Jim
5%
2007 Jerry "The King" Lawler
5%
2007 Jim Ross
5%
2007 Mr. Fuji
5%
1995 Pedro Morales
5%
2004 Pete Rose
5%
2005 "Rowdy" Roddy Piper
5%
2010 Stu Hart
5%
2011 Sunny
5%
1995 The Fabulous Moolah
5%
2005 The Iron Sheik
5%
2007 The Sheik
5%
2011 Abdullah the Butcher
0%
1995 Antonino Rocca
0%
2010 Antonio Inoki
0%
1994 Arnold Skaaland
0%
1996 "Baron" Mikel Scicluna
0%
1995 "Big Cat" Ernie Ladd
0%
2011 Bob Armstrong
0%
2004 Bobby "The Brain" Heenan
0%
2010 Bob Uecker
0%
2006 Bret "The Hitman" Hart
0%
2016 Buddy Roberts
0%
1996 "Captain" Lou Albano
0%
2014 Carlos Colon
0%
2016 Charles Wright
0%
1994 Chief Jay Strongbow
0%
1994 "Classy" Freddie Blassie
0%
2009 "Cowboy" Bill Watts
0%
2005 "Cowboy" Bob Orton
0%
2015 Debra Miceli
0%
2013 Donald Trump
0%
2011 Drew Carey
0%
2008 Eddie Graham
0%
1995 George "The Animal" Steele
0%
2008 Gerald Brisco
0%
2008 Gordon Solie
0%
2010 Gorgeous George
0%
1994 Gorilla Monsoon
0%
2004 Greg "The Hammer" Valentine
0%
2004 Harley Race
0%
2008 "High Chief" Peter Maivia
0%
2009 Howard Finkel
0%
1995 Ivan Putski
0%
2008 Jack Brisco
0%
1994 James Dudley
0%
2004 Jesse "The Body" Ventura
0%
2016 Jimmy Garvin
0%
1996 Johnny Rodz
0%
2004 Junkyard Dog
0%
2018 Kid Rock
0%
1996 Killer Kowalski
0%
2015 Larry Zbyszko
0%
2011 Legion of Doom
0%
2008 Mae Young
0%
2010 Maurice "Mad Dog" Vachon
0%
2006 "Mean" Gene Okerlund
0%
2016 Michael Hayes
0%
2012 Mike Tyson
0%
2012 Mil Mascaras
0%
2007 "Mr Perfect" Curt Hennig
0%
2014 Mr. T
0%
2006 "Mr. USA" Tony Atlas
0%
2005 "Mr. Wonderful" Paul Orndorff
0%
1994 "Nature Boy" Buddy Rogers
0%
2008 "Nature Boy" Ric Flair
0%
2007 Nick Bockwinkel
0%
2005 Nikolai Volkoff
0%
2017 Ricky Morton
0%
2009 Ricky "The Dragon" Steamboat
0%
2017 Robert Gibson
0%
2006 "Sensational" Sherri Martel
0%
2008 "Soulman" Rocky Johnson
0%
2016 Stan Hansen
0%
1996 "Superfly" Jimmy Snuka
0%
2004 "Superstar" Billy Graham
0%
2015 Tatsumi Fujinami
0%
2016 Terry Gordy
0%
2007 "The American Dream" Dusty Rhodes
0%
2006 The BlackJacks (BlackJack Mulligan & Jack Lanza)
0%
2015 The Bushwhackers (Butch and Luke)
0%
2009 The Funks (Dory Funk, Jr. & Terry Funk
0%
1995 The Grand Wizard
0%
2010 The "Million Dollar Man" Ted Dibiase
0%
2005 "The Mouth of the South" Jimmy Hart
0%
2017 Theodore Long
0%
1996 The Valiant Brothers (Jimmy Valiant & Johnny Valiant)
0%
2009 The Von Erichs (Fritz Von Erich, Kerry Von Erich, Kevin Von Erich, David Von Erich, Mike Von Erich, Chris Von Erich)
0%
2007 The Wild Samoans (Afa & Sika)
0%
2004 Tito Santana
0%
2006 Verne Gagne
0%
1996 Vincent J. McMahon
0%
2010 Wendi Richter
0%
2006 William "The Refrigerator" Perry
0%
No matching quizzes found
Score Distribution
Percent of People with Each Score
Percentile by Number Answered
Your Score History
You have not taken this quiz